Os alimentos mais consumidos no mundo - Statistics

Estatísticas Gerais
  • Esse quiz foi jogado 363 vezes
  • A pontuação média é 4 de 10
Estatísticas das Respostas
Respostas % Correto
Arroz
96%
Batata
55%
Trigo
51%
Leite e derivados
45%
Milho
44%
Tomate
41%
Açúcar
28%
Mandioca
18%
Cerveja
10%
Carne de porco
6%
Nenhum quiz correspondente encontrado
Distribuição das Pontuações
Porcentagem de Pessoas com Cada Pontuação
Percentil de Números Respondidos
Sua Pontuação Histórica
Você não jogou esse quiz